000 00506nam a2200181Ia 4500
005 20250923144350.0
008 008 250917s9999 xx 000 0 eng d
037 _aTextual
040 _aDSWL
_beng
_cDSWL
041 _aeng
_2eng
084 _aYX,ZD, N48;1
_qDSWL
100 _aTrecker, Harleigh B
_9824150
245 0 _aSocial group work
_cby Harleigh B Trecker
260 _aNew York
_c1950
300 _a313 p.
942 _cTEXL
_hYX,ZD, N48;1
999 _c1437957
_d1437957